|
LDR
| 01439nam a2200445 4500 |
|---|
| 001 | 22361 |
|---|
| 003 | CZ-PrJAB |
|---|
| 005 | 20150721134016.0 |
|---|
| 007 | tu |
|---|
| 008 | 950213s1995 xr a e 001 0 cze |
|---|
| 015 | | . |
‡acnb000103633 |
|---|
| 020 | | . |
‡a80-85830-92-2
‡q(Ikar :
‡qváz.) |
|---|
| 020 | | . |
‡a80-7176-184-2
‡q(Knižní klub :
‡qváz.) |
|---|
| 035 | | . |
‡a(CZ PrNK)np9537586 |
|---|
| 035 | | . |
‡a(OCoLC)36600571 |
|---|
| 040 | | . |
‡aABA001
‡bcze |
|---|
| 041 | 1 | . |
‡acze
‡hger |
|---|
| 043 | | . |
‡ae------ |
|---|
| 072 | | 7. |
‡a58
‡xBotanika
‡2Konspekt
‡92 |
|---|
| 080 | | . |
‡a582.091
‡2MRF |
|---|
| 080 | | . |
‡a(4)
‡2MRF |
|---|
| 080 | | . |
‡a(084.12)
‡2MRF |
|---|
| 080 | | . |
‡a(084.42)
‡2MRF |
|---|
| 100 | 1 | . |
‡aKremer, Bruno P.,
‡d1946-
‡7jn20020126002
‡4aut |
|---|
| 245 | 1 | 0. |
‡aStromy :
‡bv Evropě zdomácnělé a zavedené druhy /
‡cBruno P. Kremer ; [ilustroval Hans Held ; z němčiny přeložil Josef Poláček] |
|---|
| 260 | | . |
‡aPraha :
‡bKnižní klub :
‡bIkar,
‡c1995 |
|---|
| 300 | | . |
‡a287 s. :
‡bil. (většinou barev.) ;
‡c20 cm |
|---|
| 490 | 1 | . |
‡aPrůvodce přírodou |
|---|
| 500 | | . |
‡aTerminol. slovníček |
|---|
| 500 | | . |
‡aPozn. o autorech |
|---|
| 504 | | . |
‡aNázvový rejstřík |
|---|
| 650 | 0 | 7. |
‡astromy
‡7ph116301
‡zEvropa
‡2czenas |
|---|
| 655 | | 7. |
‡afotografické publikace
‡7fd132276
‡2czenas |
|---|
| 655 | | 7. |
‡aatlasy
‡7fd131835
‡2czenas |
|---|
| 700 | 1 | . |
‡aPoláček, Josef
‡7jk01100132
‡4aui |
|---|
| 700 | 1 | . |
‡aHeld, Hans,
‡d1914-1995
‡7xx0005084
‡4ill |
|---|
| 765 | 0 | . |
‡tBäume
‡9Česky |
|---|
| 830 | | 0. |
‡aPrůvodce přírodou |
|---|
| 910 | | . |
‡aABE463 |
|---|
| 998 | | . |
‡a000103633 |
|---|
| 901 | | . |
‡a22361
‡b
‡c22361
‡tbiblio |
|---|